Módulo de Biodiversidad (Registro nro. 7479)
[ vista simple ]
| 000 -CABECERA | |
|---|---|
| Campo de control | 00863nam a22002057a 4500 |
| 005 - FECHA Y HORA DE LA ULTIMA TRANSACCION | |
| Campo de control | 20161123161411.0 |
| 008 - ELEMENTOS DE LONGITUD FIJA—INFORMACION GENERAL | |
| Campo de control | 130729b ck ||||| |||| 00| 0 spa d |
| 041 ## - IDIOMA | |
| Código de idioma para texto/pista de sonido o título separado | Español |
| 044 ## - PAÍS DE PUBLICACIÓN | |
| País de publicación | Colombia |
| 082 ## - NUMERO DE CLASIFICACION DECIMAL DEWEY | |
| Número de clasificación | 570 |
| Número del ítem | C787b |
| 110 ## - ASIENTO PRINCIPAL--NOMBRE CORPORATIVO | |
| Nombre corporativo o de jurisdicción como elemento de entrada | Corporación para el Desarrollo Sostenible del Archipiélago de San Andrés, Providencia y Santa Catalina - CORALINA |
| 245 ## - MENCION DE TITULO | |
| Título | Módulo de Biodiversidad |
| Parte restante del título | currículo B |
| Mención de responsabilidad | textos de Jairo Lasso Zapata |
| 260 ## - PUBLICACION, DISTRIBUCION, ETC. (PIE DE IMPRENTA) | |
| Lugar de publicación, distribución, etc. | San Andrés (Colombia) |
| Nombre del editor, distribuidor, etc. | CORALINA |
| Fecha de publicación, distribución, etc. | [?] |
| 300 ## - DESCRIPCION FISICA | |
| Extensión | 105 p. |
| Otros detalles físicos | il., mapas, cuestionarios |
| Dimensiones | 28 cm. |
| 500 ## - NOTA GENERAL | |
| Nota general | Libro guía docente para instituciones educativas de la Reserva de Biosfera Seaflower. |
| 500 ## - NOTA GENERAL | |
| Nota general | Grados 6° a 11° |
| 650 ## - ASIENTO SECUNDARIO DE MATERIA - TERMINO TEMATICO | |
| Término temático o nombre geográfico como elemento de entrada | Educación Ambiental |
| Subdivisión geográfica | San Andrés (Archipiélago, Colombia) |
| 650 ## - ASIENTO SECUNDARIO DE MATERIA - TERMINO TEMATICO | |
| Término temático o nombre geográfico como elemento de entrada | Biodiversidad |
| Subdivisión geográfica | San Andrés (Archipiélago, Colombia) |
| 942 ## - ELEMENTOS ADICIONALES (KOHA) | |
| Sistema de clasificación | Dewey Decimal Classification |
| Tipo de ítem | Impreso |
| Koha issues (borrowed), all copies | 1 |
| Withdrawn status | Lost status | Sistema de Clasificación | Damaged status | No para préstamo | Colección | Inventariado | Ubicación Permanente | Ubicación actual | Fecha de adquisición | Fuente de Valor | Valor | Total Checkouts | Número topográfico | Inventario / Código de Barras | Date last seen | Date checked out | Ejemplar | Price effective from | Forma de adquisición | Tipo de material |
|---|---|---|---|---|---|---|---|---|---|---|---|---|---|---|---|---|---|---|---|---|
| Local | Educación Ambiental | Inventariado 2017 | Sala Fabio Quevedo | Sala Fabio Quevedo | 27/07/2015 | Instituto | 39000.00 | 1 | EA-00300 | 028600 | 27/11/2014 | 27/11/2014 | Ej. 1 | 29/07/2013 | Libro |